000 01562nam a22003612i 4500
003 OSt
005 20210228111206.0
008 210228t20202020enka|||jr|||| 000 0 eng d
020 _a9780241446294
_cRM 28.95
_qhardback
040 _aPPAK
_beng
_cPPAK
_erda
082 0 4 _223
_a152.4
090 0 0 _a152.4
_bHOW
_dK
245 0 0 _aHow Am I Feeling? :
_bA little guide to my emotions /
_cConsultant, Teresa Day ; Editor, Sophie Parkes.
264 1 _aLondon :
_bDorling Kindersley,
_c2020.
264 4 _c©2020
300 _a1 volume (unpaged) :
_bcolour illustrations ;
_c18 cm.
336 _atext
_2rdacontent
336 _astill image
_2rdacontent
337 _aunmediated
_2rdamedia
338 _avolume
_2rdacarrier
490 0 _aFirst emotions
500 _aOn board pages.
520 _aThis board book helps young children understand their emotions and how their feelings can influence their actions. It is often difficult for children, and adults, to articulate their emotions and to understand why they act the way they do. This colourful illustrated board book encourages preschoolers' to understand what is happening in their body when they feel happy or sad, and how strong feelings can shape their actions.
521 _aPreschool.
650 0 _aEmotions
_vJuvenile literature.
650 0 _aEmotions in children
_vJuvenile literature.
655 0 _aBoard books.
655 7 _aPicture books.
_2lcgft
700 1 _a Day, Teresa,
_econsultant.
700 1 _aParkes, Sophie,
_eeditor.
830 1 _aFirst emotions
942 _2ddc
_cB
999 _c182288
_d182288